000 01119nam a22003257a 4500
001 0011787
003 KOHA_MİRAKIL
005 20260207001829.0
007 ta
008 091218b1997 tu |||grd|||#0|||0|eng |
020 _a9751012007
040 _aTR-BiSEU
_btur
_cTR-BiSEU
_erda
041 0 _aeng
044 _ctu
050 _aT9.I53
_bK957 1997
100 1 _aKüçükşahin, Fahrettin.
240 1 0 _aİngilizce - Türkçe ansiklopedik teknik sözlük
_lİngilizce
245 1 _aEnglish - Turkish encyclopedic technical dictionary =
_bİngilizce - Türkçe ansiklopedik teknik sözlük/
_cFahrettin Küçükşahin ; Fahrettin Küçükşahin.
264 1 _aİstanbul :
_bİnkilap Kitabevi.
_c1997
300 _a620 sayfa; 24 cm.
336 _ametin
_btxt
_2rdacontent
337 _aaracısız
_bn
_2rdamedia
338 _acilt
_bnc
_2rdacarrier
650 0 _aTechnology--Dictionaries.
_928698
650 0 _aTeknoloji--Sözlük.
_928699
650 0 _aEnglish language--Dictionaries--Turkish.
_93195
650 0 _aİngilizce lisan--Sözlük--Türkçe.
_928700
907 _aSözlük
942 _2lcc
_cBK
999 _c11756
_d11756